000 00653nam a2200241Ia 4500
003 OSt
005 20221005113920.0
006 a|||||r|||| 00| 0
007 ta
008 221004b |||||||| |||| 00| 0 eng d
024 _a44077
037 _cTextual
040 _aCRL
_cCRL
_beng
041 _2eng
_aeng
082 _aO15:9xF20:1, D9 under size
100 _aRuyyaka
245 0 _aAlamkarasarvasva, tr by Hermann Jacobi into German
260 _c1909
650 _a ENGLISH LITERATURE
650 _aSANSKRIT LITERATURE
942 _hO15:9xF20:1, D9 under size
_cTEXL
_2cc
999 _c1029724
_d1029724